| 000 | 00413nam a2200145Ia 4500 | ||
|---|---|---|---|
| 008 | 230917s9999||||xx |||||||||||||| ||und|| | ||
| 040 |
_e176572 _aMAIN |
||
| 041 | _aEnglish | ||
| 082 | _a891.431741 AN13B | ||
| 100 | _aअनामिका | ||
| 245 | 0 | _aदूब-धान | |
| 260 |
_aनई दिल्ली _bभारतीय ज्ञानपीठ _c2007 |
||
| 300 | _a184 पृ. p. | ||
| 942 | _cHN | ||
| 999 |
_c144043 _d144043 |
||